[Event "RSA-chT U20"]
[Site "Cape Town"]
[Date "2016.01.04"]
[Round "2.5"]
[White "Burger, Hein"]
[Black "Claassen, Maurice"]
[Result "0-1"]
[WhiteElo "1612"]
[BlackElo "1210"]
[PlyCount "39"]
[EventDate "2016.01.04"]
[EventType "team-tourn"]
[EventRounds "7"]
[EventCountry "RSA"]
[SourceTitle "CBM 170 Extra"]
[Source "ChessBase"]
[SourceDate "2016.02.25"]
[SourceVersion "1"]
[SourceVersionDate "2016.02.25"]
[SourceQuality "1"]
[WhiteTeam "Nelson Mandela Bay"]
[BlackTeam "Tshwane"]
[WhiteTeamCountry "RSA"]
[BlackTeamCountry "RSA"]

1. d4 g6 2. e4 Bg7 3. Nf3 d6 4. Nc3 Bg4 5. Be3 e5 6. dxe5 Bxe5 7. h3 Bxc3+ 8. bxc3 Bxf3 9. Qxf3 Qf6 10. Qxf6 Nxf6 11. Bd4 Nbd7 12. Rb1 Rg8 13. Rxb7 Nxe4 14. Rxc7 Rb8 15. Bxa7 Ke7 16. Ke2 Rgd8 17. h4 Kf8 18. Kf3 Nd2+ 19. Kg3 Ne4+ 20. Kf4 0-1